000 00485nam a2200181Ia 4500
001 8732
005 20260306160631.0
008 260306t2005||||xx |||||||||||||| ||spa||
041 _aESP
082 _a371.3
_bT64
100 _aTobón Tobón, Sergio
_eAUT
245 0 _aFormación basada en competencias:
_bpensamiento complejo, diseño curricular y didáctica
260 _c2005
300 _a310 páginas :
_c24 cm.
650 _aGEN
654 _aCED
942 _cLIB
_dJUS
_fJUS
_2ddc
_n
999 _c8732
_d8732